000
00247nam a2200097Ia 4500
008
240331s9999 xx 000 0 und d
082
_b
CHA
100
_a
Uyangoda J,
245
0
_a
Chandaya Sarva Janayarta :
_b
Prajatantrawadaya Tikadenekuta
942
_c
L
999
_c
2526
_d
2526